000 01015nam a2200253 i 4500
001 000038604
003 DO-SdBNP
005 20240229073823.0
007 ta
008 130416s2022 dr 000 0 spa d
040 _aDO-SdBNP
_bspa
_cBNPHU
_erda
082 4 _222
_bA973m
100 1 _aSubero Isa, Jorge A.,
_d1947-
_976863
245 1 0 _aManual de derecho penal y procesal penal de la República Dominicana :
_blos procedimientos judiciales ante los tribunales penales segun el tipo de infracción : un verdadero manual para el abogado, hecho actualizado y perfeccionado para su ejercicio profesional, teorico y práctico /
_cAlejandro Ayala Cordero
264 _aSanto Domingo :
_b[sin nombre],
_c2022
300 _a1185 paginas ;
_c29 cm.
336 _2rdacontent
_atexto
_btxt
337 _2rdamedia
_asin mediación
_bn
338 _2rdacarrier
_avolumen
_bnc
590 _aInventariado, 2023 / DG
650 4 _aDerecho civil
_xLegislación
_zRepública Dominicana
_96943
910 _aDG
942 _2ddc
_cLBS1
999 _c53415
_d53415